000 00552nam a2200181Ia 4500
005 20250508152138.0
008 008 250505s9999 xx 000 0 eng d
037 _aTextual
040 _aFEDL
_beng
_cFEDL
041 _aeng
_2eng
084 _a539.76, ANG
_qFEDL
100 _aAngelopoulos Angelos
245 0 _aWill the atom unite the world? Economic, social and political aspects of the atomic age
260 _aLondon, UK
_bThe Bodley Head
_c1957
300 _a262p.
942 _cTEXL
_h539.76, ANG
999 _c1334557
_d1334557